000 00382nam a22001217a 4500
008 230306b |||||||| |||| 00| 0 hin d
040 _aNational Science Library
_cNational Science Library
245 _aसचित्र आयुर्वेद
246 _aSachitra ayurved
260 _aPatna:
_bShree Baidyanath Ayurved Bhawan Limited,
_c1998
310 _aMonthly
942 _cCR
999 _c6292
_d6292